[Event "Challenge"]
[Site "http://www.queenalice.com/game.php?id=1803197"]
[Date "2023.1.2"]
[Round "-"]
[White "LuizFerreira"]
[Black "digger"]
[Result "1-0"]
[WhiteElo "1412"]
[BlackElo "1549"]

1. d4 d5 2. Nc3 c6 3. Nf3 Bg4 4. Nh4 e6 5. h3 Qxh4 6. g3 Qh5 7. f3 Bf5 8. Bg2
Qg6 9. h4 Qxg3+ 10. Kf1 Be7 11. f4 Bd6 12. e3 Nf6 13. Bd2 Ng4 14. Kg1 Nf2 15.
Qe2 Nxh1 16. Kxh1 Qxh4+ 17. Kg1 Qg3 18. Be1 Qg6 19. Bh4 Bg4 20. Qf2 f6 21. Re1
O-O 22. e4 f5 23. exf5 Bxf5 24. a3 Bh3 25. Bg5 Bxg2 26. Qxg2 h6 27. Bh4 Qh5 28.
Qh3 Qg6+ 29. Kh1 Rxf4 30. Bg3 Rf3 31. Ne2 Bxg3 32. Rg1 h5 33. Kg2 Rf2+ 34. Kh1
Qe4+ 35. Rg2 Rxg2 36. Qxg2 Qh4+ 37. Kg1 Bd6 38. Qg6 Nd7 39. Qxe6+ Kh8 40. Qxd7
Qh2+ 41. Kf1 Rf8+ 42. Ke1 Bg3+ 43. Kd2 Bf4+ 44. Kd3 Qh3+ 45. Qxh3 g6 46. Qe6 Rg8
47. Nxf4 Kh7 48. Qe7+ Kh6 49. Qe6 Rg7 50. Qe3 Rf7 51. Ne6+ Kh7 52. Ng5+ Kg7 53.
Qe5+ Kg8 54. Qe8+ Rf8 55. Qxg6+ Kh8 56. Ne6 Rf3+ 57. Ke2 Rh3 58. Qf6+ Kh7 59.
Ng5+ Kg8 60. Nxh3 b5 61. Ng5 h4 62. Qe6+ Kg7 63. Qe5+ Kg6 64. Kf2 a5 65. Kg2 b4
66. Ne6 Kf7 67. Nd8+ Kg6 68. Ne6 Kf7 69. Qf5+ Ke7 70. Ng7 bxa3 71. Qg5+ Kf7 72.
Nf5 axb2 73. Nh6+ Ke6 74. Qe3+ Kd7 75. Qb3 a4 76. Qxb2 h3+ 77. Kxh3 Ke6 78. Qb4
Kd7 79. Qxa4 Kc7 80. Nf5 Kd7 81. Qa7+ Ke6 82. Qh7 Kf6 83. Nh4 Ke6 84. Nf3 Kd6
85. Ng5 c5 86. Nf7+ Kc6 87. Nd8+ Kb5 88. Qd7+ Kc4 89. Qa4+ Kc3 90. Nc6 cxd4 91.
Nxd4 Kd2 92. Nf3+ Ke3 93. Qb3+ Ke4 94. Nd2+ Ke5 95. Qg3+ Kd4 96. Qf2+ Kc3 97.
Nb3 Kb4 98. Qd4+ Ka3 99. Qxd5 Kb2 100. Qd3 Ka3 101. Nc1+ Kb2 102. Nb3 Ka3 103.
Nd2+ Kb4 104. Qd6+ Kc3 105. Qd3+ Kb2 106. Nc4+ Kb1 107. c3+ Ka2 108. Na5 Kb2
109. Qd2+ Ka3 110. Qc1+ Ka4 111. Qa1+ Kb5 112. Kg3 Kc5 113. Kf4 Kd5 114. Qd1+
Kc5 115. Ke4 Kb5 116. Nb3 Kc4 117. Qc2 Kb5 118. Kd5 Kb6 119. Qg6+ Kc7 120. c4
Kb7 121. Na5+ Kc7 122. Qf7+ Kb6 123. Nb7 Ka6 124. Kc5 Ka7 125. Nd6+ Kb8 126.
Qb7# 1-0

[Event "Challenge"]
[Site "http://www.queenalice.com/game.php?id=1805340"]
[Date "2023.2.3"]
[Round "-"]
[White "LuizFerreira"]
[Black "mario48"]
[Result "0-1"]
[WhiteElo "1433"]
[BlackElo "2107"]

1. Nf3 Nf6 2. b3 e6 3. e3 d5 4. Qe2 Nc6 5. Nc3 e5 6. g3 Bg4 7. Bg2 e4 8. h3 exf3
9. Bxf3 Bxf3 10. Qxf3 Nb4 11. Qd1 Bd6 12. a3 Nc6 13. d3 O-O 14. a4 d4 15. exd4
Nxd4 16. Be3 Bb4 17. Bd2 Qe8+ 18. Kf1 Qc6 19. Rg1 Bxc3 20. Be3 Bxa1 21. Qxa1
Nxc2 22. Qc1 Nxe3+ 23. Qxe3 Rfe8 24. Qf4 Re6 25. Qf5 Rae8 26. g4 Re1# 0-1

[Event "Challenge"]
[Site "http://www.queenalice.com/game.php?id=1805837"]
[Date "2023.2.11"]
[Round "-"]
[White "Camy"]
[Black "LuizFerreira"]
[Result "1-0"]
[WhiteElo "1415"]
[BlackElo "1431"]

1. e4 Nc6 2. d4 g6 3. c3 Nf6 4. f3 d6 5. Nh3 b6 6. Nf4 g5 7. Nd5 Nh5 8. Bb5 Bd7
9. Bxg5 f6 10. Bh4 e6 11. Bxc6 Bxc6 12. Nb4 Bb5 13. e5 Nf4 14. Bxf6 Qd7 15. Bxh8
Bg7 16. Bxg7 1-0

[Event "Challenge"]
[Site "http://www.queenalice.com/game.php?id=1808069"]
[Date "2023.3.16"]
[Round "-"]
[White "LuizFerreira"]
[Black "digger"]
[Result "0-1"]
[WhiteElo "1414"]
[BlackElo "1494"]

1. Nf3 d6 2. Nc3 e5 3. e4 Bg4 4. Be2 Qf6 5. h3 Be6 6. b3 Nc6 7. d3 O-O-O 8. Nb5
a6 9. Nc3 Qe7 10. Bg5 f6 11. Bh4 g5 12. Bg3 h5 13. h4 g4 14. Nh2 Nd4 15. Bf1 f5
16. exf5 Nxf5 17. Ne4 Bg7 18. Ng5 Bd7 19. d4 exd4+ 20. Be2 Bc6 21. f3 Nxg3 22.
Ne4 Nxh1 23. Kd2 Bxe4 24. fxe4 Ng3 25. Bd3 Qf7 26. Qe1 Qf4+ 27. Kd1 Bf6 28. Bc4
Nxe4 29. Bf7 g3 30. Nf1 Nf2+ 31. Ke2 Rd7 32. Be6 Qe5+ 33. Kd2 Ne4+ 34. Kc1 Qxe6
35. Qd1 Nf2 36. Qf3 Qe1+ 37. Kb2 Nd1+ 38. Rxd1 Qe5 39. Kb1 d3 40. Qxd3 Qb2# 0-1

[Event "Challenge"]
[Site "http://www.queenalice.com/game.php?id=1811171"]
[Date "2023.5.4"]
[Round "-"]
[White "LuizFerreira"]
[Black "digger"]
[Result "0-1"]
[WhiteElo "1401"]
[BlackElo "1609"]

1. Nf3 d5 2. b3 Nc6 3. e3 e5 4. d3 Nf6 5. g3 e4 6. dxe4 dxe4 7. Nh4 g5 8. Ng2
Bg4 9. Be2 Bxe2 10. Qxe2 Qd7 11. h3 O-O-O 12. Nc3 Bb4 13. Qc4 Rhe8 14. Bb2 Qd2+
15. Kf1 Qxc2 16. Rb1 Nd5 17. Ne1 Qd2 18. h4 Nxc3 19. Bxc3 Qxc3 20. Qb5 Qd2 21.
a3 Bxa3 22. Qc4 Bb4 23. Nc2 Bc3 24. Na3 Bf6 25. Qxf7 Qd3+ 26. Kg1 Qd6 27. Nc4
Qe6 28. Qh5 Rd7 29. hxg5 Bc3 30. Rc1 Bb4 31. f4 exf3 32. Qxf3 Qg6 33. Qg4 Qe4
34. Qh5 Bc5 35. Re1 Rf8 36. g6 Bb4 37. Ra1 Bc3 38. Rc1 Bb4 39. Qg5 hxg6 40. Qh6
Rdd8 41. Nb2 Bd2 42. Rc4 Qb1+ 43. Kg2 Qxb2 44. Qxg6 Bxe3+ 45. Kh3 Rh8+ 46. Kg4
Rxh1 47. Re4 Qe2+ 48. Kf5 Rh5+ 49. Kf6 Rd6+ 50. Re6 Bd4+ 51. Kf7 Rxe6 52. Qxh5
Qxh5+ 53. Kxe6 Qe5+ 54. Kf7 Nd8+ 55. Kf8 Bc5+ 56. Kg8 Qe6+ 57. Kg7 Bd4+ 58. Kf8
Qf7# 0-1

[Event "Challenge"]
[Site "http://www.queenalice.com/game.php?id=1811474"]
[Date "2023.5.8"]
[Round "-"]
[White "LuizFerreira"]
[Black "Cagakan"]
[Result "1-0"]
[WhiteElo "1393"]
[BlackElo "1175"]

1. Nf3 Nf6 2. Nc3 d5 3. b3 c5 4. e3 Nc6 5. Ba3 Qa5 6. Nb1 e5 7. g3 h6 8. c3 Bf5
9. d3 d4 10. Bb2 Bd6 11. h3 O-O-O 12. Nh4 Bh7 13. Nd2 dxc3 14. Nc4 1-0

[Event "Challenge"]
[Site "http://www.queenalice.com/game.php?id=1814718"]
[Date "2023.6.22"]
[Round "-"]
[White "LuizFerreira"]
[Black "digger"]
[Result "0-1"]
[WhiteElo "1400"]
[BlackElo "1716"]

1. d4 d5 2. Nc3 c6 3. b3 Nf6 4. g3 e6 5. f4 Bb4 6. Bd2 O-O 7. a3 Bd6 8. Bh3 Ne4
9. Na4 f5 10. Nf3 b6 11. Nh4 Rf6 12. g4 Nxd2 13. Qxd2 Qe8 14. g5 Rf8 15. Nf3 Qh5
16. Bg2 h6 17. gxh6 Qxh6 18. e3 b5 19. Nb2 Nd7 20. Qc3 Nb8 21. Qa5 Nd7 22. Ne5
Bxe5 23. dxe5 Qh4+ 24. Kf1 g5 25. Qc7 gxf4 26. Qxc6 fxe3 27. Re1 Qf4+ 28. Kg1
Qf2# 0-1

[Event "Challenge"]
[Site "http://www.queenalice.com/game.php?id=1816879"]
[Date "2023.7.22"]
[Round "-"]
[White "LuizFerreira"]
[Black "digger"]
[Result "0-1"]
[WhiteElo "1383"]
[BlackElo "1672"]

1. d4 d5 2. Nc3 c6 3. Nf3 Bg4 4. Nh4 e6 5. g3 g5 6. Ng2 Nd7 7. h4 Bh6 8. b3 Ngf6
9. f3 Bf5 10. hxg5 Bg7 11. gxf6 Bxf6 12. Rh5 Bg6 13. Rh6 Bg5 14. Rh1 Bf6 15. Qd2
h5 16. g4 h4 17. Nf4 Bg5 18. e3 Qf6 19. Bg2 O-O-O 20. Ba3 Rhe8 21. Nh3 Bh6 22.
Bf1 Qxf3 23. Nd1 Qxg4 24. Be2 Qg3+ 25. Ndf2 Bxe3 26. Qc3 Bxf2+ 27. Kd2 Qxc3+ 28.
Kxc3 Bg3 29. Kb2 e5 30. Rhg1 exd4 31. Bg4 f5 32. Bf3 Ne5 33. Be2 f4 34. Nxf4
Bxf4 35. Bc5 b6 36. Bb4 a5 37. Bc3 dxc3+ 38. Kxc3 d4+ 39. Kb2 Kb8 40. Rgf1 Bd2
41. Rad1 Bc3+ 42. Kb1 Bb4 43. Rf6 Kb7 44. Rh1 Be7 45. Re6 Bd6 46. Rxe5 Bxe5 47.
Rxh4 Rg8 48. Bc4 Rgf8 49. Rg4 Bf5 50. Rg5 Bf4 51. Rg7+ Kb8 52. Ba6 Bc7 53. Rg5
Be5 54. Rh5 d3 55. Kc1 Bf4+ 56. Kb1 dxc2+ 57. Kb2 c1=Q# 0-1

[Event "Challenge"]
[Site "http://www.queenalice.com/game.php?id=1817237"]
[Date "2023.7.25"]
[Round "-"]
[White "AdilsonGomes"]
[Black "LuizFerreira"]
[Result "1-0"]
[WhiteElo "1621"]
[BlackElo "1390"]

1. d4 d5 2. Bf4 g6 3. Nf3 Nc6 4. c3 Nf6 5. e3 Nh5 6. Bg5 h6 7. Bf4 Bf5 8. Be2
Qd7 9. b4 Be4 10. Nbd2 Bf5 11. h3 Be4 12. Nxe4 dxe4 13. Ne5 Qc8 14. Nxc6 bxc6
15. Qa4 Qd7 16. Bg4 e6 17. Be5 Rg8 18. O-O Bd6 19. Rad1 Rf8 20. Be2 f6 21. Bxd6
Qxd6 22. b5 c5 23. b6+ c6 24. b7 Qb8 25. Qxc6+ Kf7 26. dxc5 Rc8 27. Rd7+ Ke8 28.
Qxe6+ Kf8 29. Qf7# 1-0

[Event "Challenge"]
[Site "http://www.queenalice.com/game.php?id=1817238"]
[Date "2023.7.25"]
[Round "-"]
[White "LuizFerreira"]
[Black "AdilsonGomes"]
[Result "0-1"]
[WhiteElo "1397"]
[BlackElo "1614"]

1. Nf3 b6 2. Nc3 Bb7 3. Nh4 e6 4. e4 Qxh4 5. g3 Qd8 6. b3 d5 7. f3 dxe4 8. fxe4
Bb4 9. Bg2 Bxc3 10. Rb1 Be5 11. d3 Nf6 12. Bg5 h6 13. Be3 Bc3+ 14. Bd2 Qd4 15.
Qe2 Na6 16. e5 Nd5 17. a3 O-O-O 18. Kf1 Bxd2 19. Qxd2 Ne3+ 20. Ke1 Nxg2+ 21.
Qxg2 Bxg2 22. Rg1 Qe3+ 23. Kd1 Qxg1+ 24. Kd2 Qxb1 25. a4 Nb4 26. g4 Qxc2+ 27.
Ke3 Qxd3+ 28. Kf2 Qf3+ 29. Kg1 Qf1# 0-1

[Event "Challenge"]
[Site "http://www.queenalice.com/game.php?id=1817373"]
[Date "2023.7.27"]
[Round "-"]
[White "AdilsonGomes"]
[Black "LuizFerreira"]
[Result "1-0"]
[WhiteElo "1688"]
[BlackElo "1379"]

1. d4 Nf6 2. Bf4 Nh5 3. Bg5 h6 4. Bc1 b6 5. e4 d6 6. d5 Nf6 7. Nc3 Na6 8. Nf3
Nc5 9. Nd2 g6 10. b4 Ncxe4 11. Bb5+ Bd7 12. Bxd7+ Qxd7 13. Ndxe4 Qf5 14. O-O
Nxe4 15. Nb5 Qd7 16. a4 a6 17. Qd4 Nf6 18. Nc3 e5 19. Qh4 Bg7 20. Ne4 g5 21.
Nxf6+ Bxf6 22. Qe4 Qe7 23. c4 b5 24. axb5 c6 25. dxc6 Qd8 26. Be3 Qc8 27. Qd5 e4
28. b6 Rb8 29. Qxe4+ Kf8 30. Rad1 Qd8 31. c7 Qc8 32. cxb8=Q Qxb8 33. Qc6 Be7 34.
Qc7 Qe8 35. b7 Kg7 36. Ba7 Qa4 37. b8=Q Rxb8 38. Qxb8 a5 39. Bd4+ Kh7 40. Qh8+
Kg6 41. Qg7+ Kh5 42. Qxf7+ Kh4 43. Qxe7 Qc2 44. bxa5 Qxc4 45. Qxd6 Qa4 46. Qxh6+
Kg4 47. Be3 Qxa5 48. Qh3# 1-0

[Event "Challenge"]
[Site "http://www.queenalice.com/game.php?id=1821422"]
[Date "2023.9.22"]
[Round "-"]
[White "LuizFerreira"]
[Black "digger"]
[Result "0-1"]
[WhiteElo "1363"]
[BlackElo "1615"]

1. d4 d5 2. Nc3 c6 3. Bf4 Nd7 4. g3 Ngf6 5. e3 Qa5 6. Bd3 e6 7. Nf3 Bb4 8. O-O
O-O 9. h4 Bxc3 10. bxc3 Qxc3 11. Rb1 Qa3 12. Ra1 Qa5 13. a3 b5 14. Ng5 g6 15. h5
Ba6 16. Be2 h6 17. Nh3 Kh7 18. Bd3 c5 19. Qf3 Nxh5 20. Bd6 Rg8 21. Qxf7+ Rg7 22.
Qf3 cxd4 23. g4 Nhf6 24. Nf4 Re8 25. Kg2 dxe3 26. fxe3 Bb7 27. Qf2 Qb6 28. Kg3
Qxd6 29. Rh1 Ne4+ 30. Bxe4 dxe4 31. Rad1 Qc7 32. Kg2 e5 33. Ne2 Qxc2 34. Rhe1
Qc4 35. Rxd7 Rxd7 36. Rc1 Qb3 37. Rc3 Qe6 38. Rc1 Rf7 39. Qh4 g5 40. Qg3 Rf3 41.
Qh2 Qxg4+ 42. Kh1 Qd7 43. Ng1 Rxe3 44. Ra1 Rd3 45. Rf1 e3+ 46. Nf3 Qd5 47. Kg1
e4 48. Ne1 Rd2 49. Qh5 Kg7 50. Ng2 Re7 51. Nxe3 Qd6 52. Nf5+ Kh7 53. Nxd6 Bd5
54. Nf5 Rd7 55. Nxh6 Kg7 56. Nf5+ Kf6 57. Qh8+ Kg6 58. Nh4+ gxh4 59. Qe8+ Bf7
60. Qxe4+ Kg7 61. Qe5+ Kg8 62. Qg5+ Kf8 63. Qh6+ Ke7 64. Qe3+ Kf8 65. Qh6+ Kg8
66. Re1 R2d4 67. Qg5+ Kf8 68. Qg4 Rxg4+ 69. Kh1 Rd2 70. Rf1 Kg7 71. Re1 Bd5+ 72.
Re4 Bxe4# 0-1

[Event "Let's Play Chess!"]
[Site "http://www.queenalice.com/game.php?id=1821910"]
[Date "2023.9.29"]
[Round "-"]
[White "igor12345"]
[Black "LuizFerreira"]
[Result "1-0"]
[WhiteElo "1950"]
[BlackElo "1375"]

1. e4 e5 2. f4 exf4 3. Nf3 d6 4. Bc4 Qe7 5. Nc3 g6 6. O-O b6 7. d4 c6 8. Bxf4
Nf6 9. Bg5 b5 10. Bb3 Bg7 11. a3 h6 12. Bh4 g5 13. Bg3 a5 14. e5 Nh5 15. exd6
Qf6 16. Ne5 Nf4 17. Bxf7+ Kd8 18. Bb3 Qxd6 19. Nf7+ Kc7 20. Nxd6 Kxd6 21. d5 a4
22. Ba2 Be5 23. Bxf4 gxf4 24. dxc6+ Kxc6 25. Qd5+ Kb6 26. Qxa8 Bb7 27. Nd5+ Kc6
28. Qa7 Bxb2 29. Qb6+ Kd7 30. Rad1 Kc8 31. Ne7# 1-0

[Event "Challenge"]
[Site "http://www.queenalice.com/game.php?id=1824386"]
[Date "2023.11.1"]
[Round "-"]
[White "Leanne"]
[Black "LuizFerreira"]
[Result "1-0"]
[WhiteElo "1535"]
[BlackElo "1357"]

1. d4 Nf6 2. c4 c6 3. Nf3 e6 4. Nc3 b6 5. Ng5 h6 6. Nge4 Nh5 7. e3 d6 8. Qxh5 g6
9. Qf3 f5 10. Ng3 Ba6 11. d5 exd5 12. cxd5 c5 13. Bxa6 Nxa6 14. O-O h5 15. e4
Nb4 16. exf5 Nc2 17. Qe4+ Qe7 18. Qxc2 Rg8 19. fxg6 Bg7 20. Nf5 Qd7 21. Nxg7+
Rxg7 22. Re1+ Kd8 23. Bh6 Rg8 24. Qe4 Kc7 25. Qe6 Qd8 26. Nb5+ Kb8 27. Nxd6 Re8
28. Nxe8 Kb7 29. Qe7+ Ka6 30. Qxd8 Rxd8 31. Nc7+ Kb7 32. Ne6 Rh8 33. Bg5 Rg8 34.
d6 Rxg6 35. d7 Rg8 36. d8=Q Rxd8 37. Nxd8+ Ka6 38. a4 Ka5 39. b4+ Kxb4 40. Bd2+
Kc4 41. a5 b5 42. Nb7 Kd3 43. Be3 Kc3 44. Nxc5 Kb4 45. Nd3+ Kc3 46. Ra3+ Kc4 47.
Rc1+ Kd5 48. Rc5+ Kd6 49. Rxb5 Kc6 50. Rab3 a6 51. Rb6+ Kd5 52. Rxa6 Kc4 53. Nc5
Kd5 54. Rab6 Kc4 55. Ne4 Kd5 56. Nf6+ Ke5 57. Nxh5 Ke4 58. Ng3+ Ke5 59. R3b5#
1-0

[Event "Challenge"]
[Site "http://www.queenalice.com/game.php?id=1824387"]
[Date "2023.11.1"]
[Round "-"]
[White "LuizFerreira"]
[Black "Leanne"]
[Result "0-1"]
[WhiteElo "1373"]
[BlackElo "1523"]

1. Nf3 d5 2. g3 Nf6 3. Nc3 c6 4. d4 e6 5. e3 Bb4 6. Bd2 Bxc3 7. Bxc3 Ne4 8. Ba5
Qxa5+ 9. Ke2 c5 10. Bh3 cxd4 11. exd4 Qb6 12. Qd3 Nc6 13. c4 Nxd4+ 14. Nxd4
Qxb2+ 15. Nc2 O-O 16. Kf1 Qf6 17. f3 Nc5 18. Nb4 Nxd3 19. Rd1 Qxf3+ 20. Kg1 Qf2#
0-1

[Event "Challenge"]
[Site "http://www.queenalice.com/game.php?id=1825545"]
[Date "2023.11.20"]
[Round "-"]
[White "madeira39"]
[Black "LuizFerreira"]
[Result "1-0"]
[WhiteElo "1827"]
[BlackElo "1348"]

1. e4 Nc6 2. d4 e6 3. a3 g6 4. b4 Bg7 5. c3 a6 6. e5 d5 7. exd6 cxd6 8. Nf3 f6
9. Bc4 h6 10. Nh4 Nge7 11. Bd3 g5 12. Ng6 Rg8 13. Nxe7 Qxe7 14. Bg6+ Kd8 15. Bc2
e5 16. O-O b6 17. Re1 h5 18. Bb3 Rh8 19. Bd5 Bb7 20. Qf3 Rc8 21. h3 Rb8 22. Bxc6
Bxc6 23. Qxc6 Qe6 24. Nd2 Bf8 25. dxe5 fxe5 26. Nf3 Bg7 27. Bxg5+ Bf6 28. Be3 b5
29. Bb6+ Ke7 30. Ba7 Ra8 31. Qb7+ Qd7 32. Qxd7+ Kxd7 33. Bb6 Rab8 34. Be3 Ke8
35. Rad1 e4 36. Nd4 Rg8 37. Rc1 Be5 38. Nc6 Bxc3 39. Rxc3 Rc8 40. Rec1 Rc7 41.
Bf4 Kf8 42. Bxd6+ Ke8 43. Bxc7 Rg7 44. Nb8 Ke7 45. Be5 Rg5 46. Rc7+ Ke6 47. Bf4
Rg8 48. Nxa6 Kf5 49. g3 Rg6 50. R1c5+ Ke6 51. Rxh5 Kf6 52. Rxb5 Rg8 53. Rc6+ Ke7
54. Rb7+ Kd8 55. Ra7 Ke8 56. Rc8# 1-0

[Event "Let's Play 732"]
[Site "http://www.queenalice.com/game.php?id=1827166"]
[Date "2023.12.15"]
[Round "-"]
[White "digger"]
[Black "LuizFerreira"]
[Result "1-0"]
[WhiteElo "1697"]
[BlackElo "1346"]

1. Nf3 Nc6 2. d4 e6 3. c3 Nf6 4. e3 g6 5. Bb5 a6 6. Bc4 Na5 7. Be2 b6 8. b4 Nc6
9. O-O d5 10. b5 axb5 11. Bxb5 Qd7 12. Ne5 Qe7 13. Bxc6+ Kd8 14. Bxa8 Ba6 15.
Nc6+ Kd7 16. Ne5+ Kc8 17. Re1 Bb5 18. Qb3 Qe8 19. a4 Ba6 20. Bc6 Qe7 21. Bb5 Bb7
22. Ba3 c5 23. dxc5 bxc5 24. Bc6 Ba6 25. Qb6 Qd6 26. Nxf7 Qc7 27. Qxa6+ Kb8 28.
Qa8# 1-0

[Event "Let's Play Chess!"]
[Site "http://www.queenalice.com/game.php?id=1828408"]
[Date "2024.1.12"]
[Round "-"]
[White "LuizFerreira"]
[Black "newgame"]
[Result "0-1"]
[WhiteElo "1374"]
[BlackElo "1453"]

1. Nf3 h5 2. Nc3 Nc6 3. g3 d6 4. b3 e5 5. d3 f6 6. e3 a6 7. h4 d5 8. Bg2 Bd6 9.
Nxd5 Be6 10. Nc3 Nge7 11. Nd2 Qd7 12. Rb1 b5 13. a3 O-O-O 14. Nce4 f5 15. Ng5
Bd5 16. f3 Rdf8 17. e4 fxe4 18. dxe4 Be6 19. Nf1 Ng6 20. Be3 Qd8 21. Nxe6 Qe7
22. Bh3 Re8 23. Bg5 Qf7 24. Qd3 Nf8 25. Nxf8+ Kb7 26. Ne6 Nd8 27. Qd5+ c6 28.
Qxd6 Nxe6 29. Nd2 Nd8 30. Be3 Ne6 31. a4 Rd8 32. Qxe5 Qe7 33. Bxe6 Rh6 34. Bf5
Qxe5 35. g4 Rhh8 36. Nf1 Qc3+ 37. Bd2 Qxc2 38. Rc1 Qxb3 39. a5 Qxf3 40. Nh2
Qxh1+ 41. Nf1 Qxh4+ 42. Kd1 hxg4 43. Ne3 g3 44. Kc2 Qh2 45. Rd1 g2 46. Ng4 Qg3
47. Be1 g1=Q 48. Bxg3 Qxd1+ 49. Kc3 Qd4+ 50. Kb3 Rh3 51. Nf2 Rxg3+ 52. Kc2 Qd2+
53. Kb1 Rg1+ 54. Nd1 Rxd1# 0-1